The History of Sargodha / (Record no. 528164)
[ view plain ]
| 000 -LEADER | |
|---|---|
| fixed length control field | 00385nam a22001457a 4500 |
| 003 - CONTROL NUMBER IDENTIFIER | |
| control field | NUST |
| 020 ## - INTERNATIONAL STANDARD BOOK NUMBER | |
| Qualifying information | H/B. |
| 038 ## - RECORD CONTENT LICENSOR | |
| Staff Name | waseem |
| 082 ## - DEWEY DECIMAL CLASSIFICATION NUMBER | |
| Classification number | 954.9144 |
| Author Mark | ABD |
| 100 ## - MAIN ENTRY--PERSONAL NAME | |
| Personal name | Abdur Rasul, Sahibzada Muhammad |
| 9 (RLIN) | 19757 |
| 245 ## - TITLE STATEMENT | |
| Title | The History of Sargodha / |
| Statement of responsibility, etc. | Sahibzada Muhammad Abdur Rasul |
| 260 ## - PUBLICATION, DISTRIBUTION, ETC. | |
| Place of publication, distribution, etc. | Sargodha : |
| Name of publisher, distributor, etc. | University of Sargodha, |
| Date of publication, distribution, etc. | 2015. |
| 300 ## - PHYSICAL DESCRIPTION | |
| Extent | 330 p. ; |
| 942 ## - ADDED ENTRY ELEMENTS (KOHA) | |
| Source of classification or shelving scheme | |
| Koha item type | Book |
| Withdrawn status | Lost status | Source of classification or shelving scheme | Damaged status | Not for loan | Permanent Location | Current Location | Date acquired | Source of acquisition | Total Checkouts | Full call number | Barcode | Date last seen | Price effective from | Koha item type |
|---|---|---|---|---|---|---|---|---|---|---|---|---|---|---|
| Central Library (CL) | Central Library (CL) | 08/31/2019 | Donation | 954.9144 ABD | CL-D-484 | 08/31/2019 | 08/31/2019 | Book | ||||||
| Central Library (CL) | Central Library (CL) | 08/31/2019 | Donation | 954.9144 ABD | CL-D-485 | 03/14/2026 | 08/31/2019 | Book |
